ბათუმის შოთა რუსთაველის სახელმწიფო უნივერსიტეტის ბიბლიოთეკა

Нефтегазовые технологии. № 1 Январь 2016 (ბიბ.ჩანაწერი № 52266)

000 -LEADER
fixed length control field 00665nam a2200217Ia 4500
001 - CONTROL NUMBER
control field 19275
003 - CONTROL NUMBER IDENTIFIER
control field GE_BSU
008 - FIXED-LENGTH DATA ELEMENTS--GENERAL INFORMATION
fixed length control field 181216s||||||||xx |||||||||||||| ||und||
040 ## - CATALOGING SOURCE
Transcribing agency GE_BSU
245 ## - TITLE STATEMENT
Title Нефтегазовые технологии. № 1 Январь 2016
245 ## - TITLE STATEMENT
Remainder of title Научно-технический журнал
245 ## - TITLE STATEMENT
Statement of responsibility, etc. Гл. ред. А.В. Миронова
260 ## - PUBLICATION, DISTRIBUTION, ETC.
Place of publication, distribution, etc. Москва
260 ## - PUBLICATION, DISTRIBUTION, ETC.
Name of publisher, distributor, etc. Наука
260 ## - PUBLICATION, DISTRIBUTION, ETC.
Date of publication, distribution, etc. 2016
300 ## - PHYSICAL DESCRIPTION
Extent 88 стр. 29см. илл.
300 ## - PHYSICAL DESCRIPTION
Accompanying material +1CD
653 ## - INDEX TERM--UNCONTROLLED
Uncontrolled term Нефтегазовые технологии. № 1 Январь 2016
653 ## - INDEX TERM--UNCONTROLLED
Uncontrolled term პერიოდიკა
942 ## - ADDED ENTRY ELEMENTS (KOHA)
Koha item type პერიოდიკა
ეგზემპლარები
Withdrawn status Lost status Damaged status Not for loan Date acquired Barcode Date last seen Price effective from Koha item type Public note
        2018-12-17 р 77455 2018-12-17 2018-12-17 პერიოდიკა პერიოდიკა